[Event "Greek Team Championship"]
[Site "chess24.com"]
[Date "2017.07.04"]
[Round "3"]
[White "Ladopoulos, Dimitrios"]
[Black "Ballas, Athanasios-panagiotis"]
[Result "1-0"]
[Board "8"]
[WhiteElo "2229"]
[WhiteCountry "GRE"]
[WhiteFideId "4239580"]
[WhiteEloChange "5"]
[BlackElo "2015"]
[BlackCountry "GRE"]
[BlackFideId "4224078"]
[BlackEloChange "-5"]

1. e4 {[%clk 1:30:40]} d6 {[%clk 1:28:17]} 2. Nc3 {[%clk 1:29:22]} e5 {[%clk
1:28:20]} 3. Nge2 {[%clk 1:22:44]} Nf6 {[%clk 1:28:23]} 4. g3 {[%clk 1:19:26]}
Be7 {[%clk 1:28:39]} 5. Bg2 {[%clk 1:19:38]} O-O {[%clk 1:28:51]} 6. O-O {[%clk
1:16:33]} c6 {[%clk 1:27:48]} 7. d4 {[%clk 1:10:16]} b5 {[%clk 1:20:06]} 8. a3
{[%clk 1:07:24]} Nbd7 {[%clk 1:16:27]} 9. f4 {[%clk 0:56:31]} Qc7 {[%clk
1:15:51]} 10. h3 {[%clk 0:54:58]} a5 {[%clk 1:08:11]} 11. g4 {[%clk 0:49:49]} Ne8
{[%clk 1:07:13]} 12. g5 {[%clk 0:34:55]} Qd8 {[%clk 0:48:38]} 13. h4 {[%clk
0:31:44]} exf4 {[%clk 0:47:07]} 14. Nxf4 {[%clk 0:25:56]} Bb7 {[%clk 0:44:56]}
15. Nce2 {[%clk 0:24:14]} c5 {[%clk 0:44:41]} 16. c3 {[%clk 0:19:49]} g6 {[%clk
0:38:46]} 17. Nd5 {[%clk 0:12:14]} Bxd5 {[%clk 0:38:30]} 18. exd5 {[%clk
0:12:34]} Ng7 {[%clk 0:37:57]} 19. dxc5 {[%clk 0:12:36]} Nxc5 {[%clk 0:37:35]}
20. Nd4 {[%clk 0:11:02]} Qd7 {[%clk 0:30:31]} 21. b4 {[%clk 0:07:57]} Na4 {[%clk
0:28:23]} 22. Qd3 {[%clk 0:07:48]} Bd8 {[%clk 0:21:16]} 23. Bh3 {[%clk 0:02:44]}
Qa7 {[%clk 0:19:26]} 24. Kh2 {[%clk 0:02:47]} f5 {[%clk 0:14:36]} 25. Nxb5 {[%clk
0:02:02]} Qa6 {[%clk 0:15:00]} 26. c4 {[%clk 0:01:21]} Rc8 {[%clk 0:13:08]} 27.
Qb3 {[%clk 0:00:34]} Nb6 {[%clk 0:13:12]} 28. Nxd6 {[%clk 0:00:34]} Bc7 {[%clk
0:12:56]} 29. Bf4 {[%clk 0:00:51]} a4 {[%clk 0:04:27]} 30. Qf3 {[%clk 0:00:36]}
Nh5 {[%clk 0:01:32]} 31. c5 {[%clk 0:00:34]} Nxf4 {[%clk 0:00:58]} 32. Nxc8
{[%clk 0:00:33]} Nbxd5 {[%clk 0:00:35]} 33. Nd6 {[%clk 0:00:42]} Bxd6 {[%clk
0:00:47]} 34. cxd6 {[%clk 0:00:41]} Qxd6 {[%clk 0:00:47]} 35. Qg3 {[%clk
0:00:41]} Re8 {[%clk 0:00:35]} 36. Rae1 {[%clk 0:00:38]} Rc8 {[%clk 0:00:50]} 37.
Rc1 {[%clk 0:00:33]} Re8 {[%clk 0:00:33]} 38. Rfe1 {[%clk 0:00:51]} Re4 {[%clk
0:00:34]} 39. Bg2 {[%clk 0:00:51]} Rd4 {[%clk 0:00:32]} 40. Rcd1 {[%clk 0:31:01]}
Nc3 {[%clk 0:30:31]} 41. Rxd4 {[%clk 0:26:39]} Qxd4 {[%clk 0:30:59]} 42. Qe3
{[%clk 0:26:26]} Nfe2 {[%clk 0:25:48]} 43. Qxd4 {[%clk 0:22:27]} Nxd4 {[%clk
0:26:14]} 44. Rc1 {[%clk 0:21:05]} Ncb5 {[%clk 0:26:09]} 45. Bc6 {[%clk 0:17:59]}
Kf7 {[%clk 0:26:09]} 46. Bxb5 {[%clk 0:18:19]} Nxb5 {[%clk 0:24:48]} 47. Rc5
{[%clk 0:18:36]} Nxa3 {[%clk 0:25:11]} 48. b5 {[%clk 0:18:37]} 1-0

[Event "Greek Team Championship"]
[Site "chess24.com"]
[Date "2017.07.04"]
[Round "3"]
[White "Vlachos, Anatole"]
[Black "Triantos, Konstantinos"]
[Result "1-0"]
[Board "9"]
[WhiteElo "2075"]
[WhiteCountry "GRE"]
[WhiteFideId "26093189"]
[WhiteEloChange "9"]
[BlackElo "2045"]
[BlackCountry "GRE"]
[BlackFideId "4274300"]
[BlackEloChange "-9"]

1. Nf3 {[%clk 1:29:52]} Nf6 {[%clk 1:30:57]} 2. g3 {[%clk 1:30:16]} e6 {[%clk
1:31:19]} 3. Bg2 {[%clk 1:30:42]} d5 {[%clk 1:31:41]} 4. O-O {[%clk 1:31:04]} Be7
{[%clk 1:31:57]} 5. d3 {[%clk 1:31:29]} O-O {[%clk 1:30:10]} 6. Nbd2 {[%clk
1:31:50]} b6 {[%clk 1:28:59]} 7. e4 {[%clk 1:31:34]} Bb7 {[%clk 1:28:37]} 8. e5
{[%clk 1:31:53]} Nfd7 {[%clk 1:28:21]} 9. Re1 {[%clk 1:31:53]} Qc8 {[%clk
1:27:34]} 10. Nf1 {[%clk 1:30:37]} c5 {[%clk 1:27:59]} 11. h4 {[%clk 1:30:38]} d4
{[%clk 1:26:06]} 12. N1h2 {[%clk 1:28:43]} Nc6 {[%clk 1:24:11]} 13. h5 {[%clk
1:28:50]} f5 {[%clk 1:19:45]} 14. exf6 {[%clk 1:27:01]} Nxf6 {[%clk 1:20:10]} 15.
h6 {[%clk 1:17:36]} Nd8 {[%clk 1:15:27]} 16. hxg7 {[%clk 1:17:14]} Re8 {[%clk
1:15:05]} 17. Ne5 {[%clk 1:14:52]} Bxg2 {[%clk 1:13:58]} 18. Kxg2 {[%clk
1:14:34]} Nf7 {[%clk 1:08:07]} 19. Bf4 {[%clk 1:05:10]} Qb7+ {[%clk 0:58:07]} 20.
Kg1 {[%clk 1:03:55]} Bd6 {[%clk 0:56:08]} 21. Nhg4 {[%clk 0:57:12]} Nd5 {[%clk
0:52:23]} 22. Nxf7 {[%clk 0:57:12]} Bxf4 {[%clk 0:52:06]} 23. Ngh6+ {[%clk
0:54:10]} Bxh6 {[%clk 0:52:15]} 24. Nxh6+ {[%clk 0:54:35]} Kxg7 {[%clk 0:52:43]}
25. Qg4+ {[%clk 0:54:54]} Kh8 {[%clk 0:47:50]} 26. Rxe6 {[%clk 0:47:01]} Qg7
{[%clk 0:47:15]} 27. Rae1 {[%clk 0:42:04]} Rxe6 {[%clk 0:42:41]} 28. Qxe6 {[%clk
0:39:45]} Ne3 {[%clk 0:42:58]} 29. Nf7+ {[%clk 0:30:32]} Kg8 {[%clk 0:43:25]} 30.
Nd8+ {[%clk 0:28:01]} Kh8 {[%clk 0:40:04]} 31. Qe8+ {[%clk 0:23:55]} Qg8 {[%clk
0:40:34]} 32. Qe5+ {[%clk 0:21:45]} Qg7 {[%clk 0:41:02]} 33. Qxg7+ {[%clk
0:21:35]} Kxg7 {[%clk 0:41:25]} 34. Ne6+ {[%clk 0:22:03]} Kf6 {[%clk 0:41:34]}
35. fxe3 {[%clk 0:22:17]} Kxe6 {[%clk 0:41:16]} 36. exd4+ {[%clk 0:22:43]} Kf5
{[%clk 0:40:38]} 37. dxc5 {[%clk 0:22:30]} bxc5 {[%clk 0:40:36]} 38. Re4 {[%clk
0:21:49]} h5 {[%clk 0:40:25]} 39. Kf2 {[%clk 0:20:40]} Rb8 {[%clk 0:40:36]} 40.
b3 {[%clk 0:50:44]} a5 {[%clk 1:11:02]} 41. Rc4 {[%clk 0:50:10]} Rc8 {[%clk
1:11:26]} 42. d4 {[%clk 0:49:47]} Rd8 {[%clk 1:11:18]} 43. dxc5 {[%clk 0:50:08]}
Rd2+ {[%clk 1:11:41]} 44. Ke3 {[%clk 0:50:11]} h4 {[%clk 1:11:25]} 45. Kxd2
{[%clk 0:50:17]} h3 {[%clk 1:11:51]} 46. Rh4 {[%clk 0:50:43]} 1-0

[Event "Greek Team Championship"]
[Site "chess24.com"]
[Date "2017.07.04"]
[Round "3"]
[White "Nikolakopoulos, Dimitrios"]
[Black "Kazakos, Markos"]
[Result "0-1"]
[Board "10"]
[WhiteElo "1280"]
[WhiteCountry "GRE"]
[WhiteFideId "25825135"]
[WhiteEloChange "-2"]
[BlackElo "1808"]
[BlackCountry "GRE"]
[BlackFideId "25811363"]
[BlackEloChange "2"]

1. e4 {[%clk 1:30:54]} g6 {[%clk 1:30:52]} 2. d4 {[%clk 1:31:00]} Bg7 {[%clk
1:31:16]} 3. Nc3 {[%clk 1:30:37]} d6 {[%clk 1:31:37]} 4. f4 {[%clk 1:30:14]} a6
{[%clk 1:32:01]} 5. Nf3 {[%clk 1:29:32]} b5 {[%clk 1:32:19]} 6. a3 {[%clk
1:28:32]} Nd7 {[%clk 1:32:18]} 7. Bd3 {[%clk 1:26:32]} c5 {[%clk 1:31:27]} 8. Be3
{[%clk 1:24:40]} Bb7 {[%clk 1:30:16]} 9. O-O {[%clk 1:23:22]} Ngf6 {[%clk
1:28:49]} 10. d5 {[%clk 1:18:33]} Ng4 {[%clk 1:27:10]} 11. Bd2 {[%clk 1:16:17]}
c4 {[%clk 1:26:23]} 12. Be2 {[%clk 1:15:51]} Qb6+ {[%clk 1:26:29]} 13. Kh1 {[%clk
1:12:53]} Nf2+ {[%clk 1:26:20]} 14. Rxf2 {[%clk 1:13:09]} Qxf2 {[%clk 1:26:41]}
15. Be1 {[%clk 1:01:41]} Qb6 {[%clk 1:25:57]} 16. Bg3 {[%clk 0:57:44]} Rd8 {[%clk
1:20:23]} 17. Qe1 {[%clk 0:50:19]} Nc5 {[%clk 1:17:47]} 18. Bf2 {[%clk 0:49:45]}
Qc7 {[%clk 1:14:33]} 19. Bf1 {[%clk 0:45:11]} O-O {[%clk 1:11:03]} 20. Rd1 {[%clk
0:43:31]} e6 {[%clk 1:03:14]} 21. Bd4 {[%clk 0:29:46]} Rfe8 {[%clk 1:00:29]} 22.
Bxg7 {[%clk 0:29:30]} Kxg7 {[%clk 1:00:52]} 23. Qd2 {[%clk 0:28:03]} exd5 {[%clk
0:57:37]} 24. exd5 {[%clk 0:27:44]} Qe7 {[%clk 0:56:48]} 25. Re1 {[%clk 0:26:01]}
Qf6 {[%clk 0:56:18]} 26. g3 {[%clk 0:19:56]} Rxe1 {[%clk 0:54:10]} 27. Qxe1
{[%clk 0:20:17]} Rd7 {[%clk 0:49:12]} 28. Bg2 {[%clk 0:19:24]} Re7 {[%clk
0:48:34]} 29. Qd2 {[%clk 0:19:45]} Bc8 {[%clk 0:36:18]} 30. Nd4 {[%clk 0:19:00]}
Bf5 {[%clk 0:35:27]} 31. Nxf5+ {[%clk 0:18:22]} Qxf5 {[%clk 0:35:06]} 32. Qd4+
{[%clk 0:18:27]} Kg8 {[%clk 0:34:27]} 33. Qd2 {[%clk 0:18:40]} h5 {[%clk
0:33:20]} 34. h3 {[%clk 0:17:52]} Qf6 {[%clk 0:30:35]} 35. Bf3 {[%clk 0:15:30]}
a5 {[%clk 0:28:32]} 36. Nxb5 {[%clk 0:14:56]} Qxb2 {[%clk 0:28:52]} 37. Nxd6
{[%clk 0:14:34]} Qxa3 {[%clk 0:28:36]} 38. Kg2 {[%clk 0:14:34]} Qa2 {[%clk
0:09:06]} 39. Qc3 {[%clk 0:10:57]} Na4 {[%clk 0:03:23]} 40. Qxc4 {[%clk 0:38:01]}
Qxc4 {[%clk 0:33:24]} 41. Nxc4 {[%clk 0:38:28]} Rc7 {[%clk 0:27:08]} 42. Ne3
{[%clk 0:37:44]} Rc3 {[%clk 0:25:18]} 43. Kf2 {[%clk 0:38:03]} Nc5 {[%clk
0:22:50]} 44. Ke2 {[%clk 0:36:02]} a4 {[%clk 0:21:19]} 45. d6 {[%clk 0:34:34]} a3
{[%clk 0:16:42]} 46. Bd5 {[%clk 0:34:58]} Kf8 {[%clk 0:13:59]} 47. g4 {[%clk
0:29:51]} h4 {[%clk 0:11:51]} 48. Ba2 {[%clk 0:26:47]} f6 {[%clk 0:08:07]} 49.
Bd5 {[%clk 0:21:22]} Ke8 {[%clk 0:06:48]} 50. g5 {[%clk 0:18:55]} fxg5 {[%clk
0:06:52]} 51. fxg5 {[%clk 0:19:17]} Kd7 {[%clk 0:07:06]} 52. Ba2 {[%clk 0:18:15]}
Kxd6 {[%clk 0:05:03]} 53. Nc4+ {[%clk 0:17:57]} Kc6 {[%clk 0:03:52]} 54. Ne3
{[%clk 0:18:01]} Ne4 {[%clk 0:01:37]} 0-1

[Event "Greek Team Championship"]
[Site "chess24.com"]
[Date "2017.07.04"]
[Round "3"]
[White "Baldauf, Marco"]
[Black "Banikas, Hristos"]
[Result "1/2-1/2"]
[Board "1"]
[WhiteElo "2459"]
[WhiteTitle "IM"]
[WhiteCountry "GER"]
[WhiteFideId "4688210"]
[WhiteEloChange "2"]
[BlackElo "2567"]
[BlackTitle "GM"]
[BlackCountry "GRE"]
[BlackFideId "4202031"]
[BlackEloChange "-2"]

1. d4 {[%clk 1:30:56]} Nf6 {[%clk 1:30:54]} 2. c4 {[%clk 1:31:23]} e6 {[%clk
1:31:14]} 3. Nc3 {[%clk 1:31:44]} Bb4 {[%clk 1:31:39]} 4. Qc2 {[%clk 1:32:11]}
O-O {[%clk 1:31:59]} 5. Nf3 {[%clk 1:31:43]} c5 {[%clk 1:32:07]} 6. dxc5 {[%clk
1:32:02]} Na6 {[%clk 1:31:04]} 7. g3 {[%clk 1:32:28]} Nxc5 {[%clk 1:30:53]} 8.
Bg2 {[%clk 1:32:54]} b6 {[%clk 1:31:17]} 9. O-O {[%clk 1:32:44]} Bb7 {[%clk
1:31:43]} 10. Nb5 {[%clk 1:32:28]} Be4 {[%clk 1:31:52]} 11. Qd1 {[%clk 1:32:48]}
Nb7 {[%clk 1:32:15]} 12. a3 {[%clk 1:32:56]} Be7 {[%clk 1:32:35]} 13. Bf4 {[%clk
1:33:18]} Rc8 {[%clk 1:31:47]} 14. Nc3 {[%clk 1:30:27]} Bc6 {[%clk 1:27:15]} 15.
Rc1 {[%clk 1:29:27]} Na5 {[%clk 1:26:21]} 16. Nb5 {[%clk 1:24:34]} Bxb5 {[%clk
1:16:49]} 17. cxb5 {[%clk 1:25:00]} Nd5 {[%clk 1:17:10]} 18. Qd3 {[%clk 1:02:16]}
Nxf4 {[%clk 1:15:22]} 19. gxf4 {[%clk 1:02:17]} d5 {[%clk 1:15:38]} 20. b4 {[%clk
0:49:01]} Nc4 {[%clk 1:13:17]} 21. Nd4 {[%clk 0:37:51]} Bf6 {[%clk 1:09:13]} 22.
Nc6 {[%clk 0:38:12]} Qc7 {[%clk 1:09:37]} 23. e3 {[%clk 0:36:01]} a6 {[%clk
1:08:27]} 24. Rxc4 {[%clk 0:36:00]} dxc4 {[%clk 1:08:52]} 25. Qxc4 {[%clk
0:36:27]} axb5 {[%clk 1:07:47]} 26. Qxb5 {[%clk 0:36:53]} Rfe8 {[%clk 1:06:05]}
27. Rd1 {[%clk 0:19:55]} e5 {[%clk 1:04:58]} 28. fxe5 {[%clk 0:20:21]} Bxe5
{[%clk 1:05:23]} 29. h3 {[%clk 0:20:11]} g6 {[%clk 1:04:07]} 30. Bd5 {[%clk
0:15:52]} Bf6 {[%clk 1:03:34]} 31. a4 {[%clk 0:14:18]} Bh4 {[%clk 1:03:15]} 32.
Rd4 {[%clk 0:12:10]} Bg5 {[%clk 1:02:36]} 33. Rd3 {[%clk 0:12:32]} Bxe3 {[%clk
1:01:23]} 34. Rxe3 {[%clk 0:12:50]} Rxe3 {[%clk 1:01:47]} 35. fxe3 {[%clk
0:13:19]} Qg3+ {[%clk 1:02:05]} 36. Kf1 {[%clk 0:03:46]} Qxe3 {[%clk 1:01:51]}
37. Qe2 {[%clk 0:03:14]} Qxh3+ {[%clk 0:53:35]} 38. Bg2 {[%clk 0:02:52]} Qf5+
{[%clk 0:52:25]} 39. Kg1 {[%clk 0:02:58]} Kg7 {[%clk 0:52:04]} 40. Qe3 {[%clk
0:31:22]} Rxc6 {[%clk 1:15:28]} 41. Bxc6 {[%clk 0:31:38]} Qb1+ {[%clk 1:15:55]}
42. Kh2 {[%clk 0:31:54]} Qxb4 {[%clk 1:16:22]} 43. Qe5+ {[%clk 0:21:21]} f6
{[%clk 1:15:33]} 44. Qc7+ {[%clk 0:21:06]} Kh6 {[%clk 1:15:56]} 45. Bb5 {[%clk
0:20:53]} Qd4 {[%clk 1:15:20]} 46. Kg3 {[%clk 0:18:28]} Qe3+ {[%clk 1:13:32]} 47.
Kg2 {[%clk 0:18:29]} f5 {[%clk 1:11:46]} 48. Qh2+ {[%clk 0:17:26]} Kg7 {[%clk
1:12:06]} 49. Qc7+ {[%clk 0:17:54]} Kh6 {[%clk 1:12:30]} 50. Qh2+ {[%clk
0:18:21]} Kg7 {[%clk 1:12:55]} 51. Qc7+ {[%clk 0:18:47]} 1/2-1/2

[Event "Greek Team Championship"]
[Site "chess24.com"]
[Date "2017.07.04"]
[Round "3"]
[White "Stankovic, Milos"]
[Black "Seyb, Alexander"]
[Result "1/2-1/2"]
[Board "2"]
[WhiteElo "2395"]
[WhiteTitle "IM"]
[WhiteCountry "SRB"]
[WhiteFideId "938190"]
[WhiteEloChange "1"]
[BlackElo "2425"]
[BlackTitle "IM"]
[BlackCountry "GER"]
[BlackFideId "4699033"]

1. e4 {[%clk 1:29:52]} c5 {[%clk 1:30:55]} 2. Nf3 {[%clk 1:29:55]} d6 {[%clk
1:31:20]} 3. d4 {[%clk 1:29:45]} cxd4 {[%clk 1:31:44]} 4. Qxd4 {[%clk 1:29:44]}
Nc6 {[%clk 1:32:05]} 5. Bb5 {[%clk 1:29:44]} Bd7 {[%clk 1:32:29]} 6. Bxc6 {[%clk
1:29:36]} Bxc6 {[%clk 1:32:52]} 7. Nc3 {[%clk 1:28:45]} Nf6 {[%clk 1:33:15]} 8.
Bg5 {[%clk 1:28:12]} e6 {[%clk 1:33:37]} 9. Qd3 {[%clk 1:24:17]} Be7 {[%clk
1:33:19]} 10. Nd4 {[%clk 1:24:12]} Qb6 {[%clk 1:16:47]} 11. O-O {[%clk 1:07:50]}
O-O {[%clk 1:12:57]} 12. Be3 {[%clk 1:06:50]} Qa5 {[%clk 1:11:25]} 13. Nxc6
{[%clk 1:06:22]} bxc6 {[%clk 1:11:53]} 14. h3 {[%clk 1:04:04]} d5 {[%clk
1:06:37]} 15. e5 {[%clk 1:00:27]} Nd7 {[%clk 1:07:00]} 16. f4 {[%clk 1:00:52]}
Bb4 {[%clk 0:47:59]} 17. Bd2 {[%clk 0:52:21]} Qb6+ {[%clk 0:37:46]} 18. Kh1
{[%clk 0:51:47]} Nc5 {[%clk 0:37:39]} 19. Qf3 {[%clk 0:47:26]} d4 {[%clk
0:34:01]} 20. Rab1 {[%clk 0:43:28]} Rfd8 {[%clk 0:29:22]} 21. Ne4 {[%clk
0:42:10]} Nxe4 {[%clk 0:28:52]} 22. Bxb4 {[%clk 0:42:23]} Qxb4 {[%clk 0:29:19]}
23. Qxe4 {[%clk 0:42:41]} Rd5 {[%clk 0:25:39]} 24. a3 {[%clk 0:37:23]} Qe7 {[%clk
0:24:34]} 25. Rbd1 {[%clk 0:36:03]} Rad8 {[%clk 0:24:57]} 26. Rd3 {[%clk
0:35:25]} c5 {[%clk 0:24:35]} 27. b3 {[%clk 0:34:38]} g6 {[%clk 0:24:10]} 28. Kh2
{[%clk 0:34:07]} Qc7 {[%clk 0:21:45]} 29. Rfd1 {[%clk 0:34:19]} Qe7 {[%clk
0:21:23]} 30. Rf1 {[%clk 0:34:34]} Qc7 {[%clk 0:21:44]} 31. Rfd1 {[%clk 0:34:54]}
Qe7 {[%clk 0:22:04]} 1/2-1/2

[Event "Greek Team Championship"]
[Site "chess24.com"]
[Date "2017.07.04"]
[Round "3"]
[White "Mavrikakis, Georgios"]
[Black "Alexiadis, Hristos"]
[Result "1-0"]
[Board "3"]
[WhiteElo "2074"]
[WhiteCountry "GRE"]
[WhiteFideId "4211782"]
[WhiteEloChange "15"]
[BlackElo "2264"]
[BlackTitle "FM"]
[BlackCountry "GRE"]
[BlackFideId "4249623"]
[BlackEloChange "-15"]

1. e4 {[%clk 1:30:55]} c5 {[%clk 1:28:21]} 2. Nf3 {[%clk 1:31:14]} d6 {[%clk
1:28:39]} 3. d4 {[%clk 1:31:36]} cxd4 {[%clk 1:28:22]} 4. Qxd4 {[%clk 1:31:49]}
a6 {[%clk 1:28:48]} 5. h3 {[%clk 1:32:08]} Nc6 {[%clk 1:29:03]} 6. Qe3 {[%clk
1:32:28]} Nf6 {[%clk 1:29:00]} 7. c4 {[%clk 1:32:05]} g6 {[%clk 1:29:23]} 8. Be2
{[%clk 1:32:13]} Bg7 {[%clk 1:29:48]} 9. O-O {[%clk 1:32:28]} O-O {[%clk
1:30:14]} 10. Nc3 {[%clk 1:32:27]} e6 {[%clk 1:24:10]} 11. Rd1 {[%clk 1:29:46]}
Qe7 {[%clk 1:17:26]} 12. Rb1 {[%clk 1:22:17]} Bd7 {[%clk 1:16:06]} 13. b3 {[%clk
1:19:30]} a5 {[%clk 1:11:53]} 14. Nb5 {[%clk 1:10:33]} e5 {[%clk 0:41:44]} 15.
Nxd6 {[%clk 0:55:24]} Be6 {[%clk 0:41:42]} 16. c5 {[%clk 0:44:24]} Rfd8 {[%clk
0:39:40]} 17. Bb2 {[%clk 0:42:43]} Nh5 {[%clk 0:30:54]} 18. Bc4 {[%clk 0:37:25]}
Nf4 {[%clk 0:22:54]} 19. Bxe6 {[%clk 0:27:20]} Nxe6 {[%clk 0:23:19]} 20. Nb5
{[%clk 0:25:15]} Qxc5 {[%clk 0:19:44]} 21. Nc3 {[%clk 0:18:40]} Qxe3 {[%clk
0:16:48]} 22. fxe3 {[%clk 0:19:03]} Nc5 {[%clk 0:17:10]} 23. Rd5 {[%clk 0:16:58]}
Nd3 {[%clk 0:17:14]} 24. Ne1 {[%clk 0:14:40]} Nxe1 {[%clk 0:10:16]} 25. Rxe1
{[%clk 0:15:04]} Nb4 {[%clk 0:10:42]} 26. Rxd8+ {[%clk 0:12:47]} Rxd8 {[%clk
0:11:11]} 27. Nd5 {[%clk 0:13:01]} Nd3 {[%clk 0:06:45]} 28. Rd1 {[%clk 0:10:56]}
Nxb2 {[%clk 0:07:06]} 29. Ne7+ {[%clk 0:10:52]} Kf8 {[%clk 0:07:33]} 30. Rxd8+
{[%clk 0:10:50]} Kxe7 {[%clk 0:08:00]} 31. Rd2 {[%clk 0:10:44]} f5 {[%clk
0:07:18]} 32. Rxb2 {[%clk 0:10:54]} fxe4 {[%clk 0:07:43]} 33. Rd2 {[%clk
0:10:22]} Ke6 {[%clk 0:08:01]} 34. Rd8 {[%clk 0:09:58]} Bf6 {[%clk 0:06:46]} 35.
Rb8 {[%clk 0:09:53]} 1-0

[Event "Greek Team Championship"]
[Site "chess24.com"]
[Date "2017.07.04"]
[Round "3"]
[White "Komninos, Nikolaos"]
[Black "Mihopoulos, Konstantinos"]
[Result "1/2-1/2"]
[Board "4"]
[WhiteElo "2188"]
[WhiteCountry "GRE"]
[WhiteFideId "4205022"]
[WhiteEloChange "-4"]
[BlackElo "2028"]
[BlackCountry "GRE"]
[BlackFideId "4217110"]
[BlackEloChange "4"]

1. e4 {[%clk 1:30:55]} g6 {[%clk 1:29:25]} 2. d4 {[%clk 1:31:19]} Bg7 {[%clk
1:29:51]} 3. Nc3 {[%clk 1:31:39]} c6 {[%clk 1:30:16]} 4. Bc4 {[%clk 1:31:42]} d6
{[%clk 1:27:14]} 5. Qf3 {[%clk 1:32:06]} e6 {[%clk 1:26:31]} 6. Nge2 {[%clk
1:32:27]} Nd7 {[%clk 1:13:31]} 7. Bb3 {[%clk 1:26:34]} Ngf6 {[%clk 1:06:36]} 8.
g4 {[%clk 1:23:16]} h5 {[%clk 1:00:27]} 9. g5 {[%clk 1:18:48]} Ng8 {[%clk
1:00:45]} 10. Be3 {[%clk 1:14:45]} Ne7 {[%clk 1:00:05]} 11. Qg3 {[%clk 1:11:43]}
d5 {[%clk 0:59:19]} 12. f3 {[%clk 1:02:49]} b5 {[%clk 0:46:42]} 13. h4 {[%clk
0:47:56]} a5 {[%clk 0:45:41]} 14. a3 {[%clk 0:45:21]} a4 {[%clk 0:41:50]} 15. Ba2
{[%clk 0:45:45]} Ba6 {[%clk 0:42:12]} 16. Bf4 {[%clk 0:39:21]} Ra7 {[%clk
0:38:26]} 17. Bd6 {[%clk 0:39:15]} Nc8 {[%clk 0:35:29]} 18. Bb4 {[%clk 0:37:04]}
Bf8 {[%clk 0:34:12]} 19. Bxf8 {[%clk 0:33:49]} Kxf8 {[%clk 0:34:20]} 20. Nd1
{[%clk 0:34:08]} Qc7 {[%clk 0:30:39]} 21. Qxc7 {[%clk 0:28:31]} Rxc7 {[%clk
0:31:04]} 22. Ne3 {[%clk 0:28:53]} Nd6 {[%clk 0:29:59]} 23. e5 {[%clk 0:27:53]}
Nf5 {[%clk 0:26:52]} 24. Nxf5 {[%clk 0:27:31]} exf5 {[%clk 0:26:25]} 25. Nf4
{[%clk 0:27:29]} Kg7 {[%clk 0:26:31]} 26. Kd2 {[%clk 0:26:50]} Nf8 {[%clk
0:26:49]} 27. Rae1 {[%clk 0:20:10]} Ne6 {[%clk 0:26:34]} 28. Ke3 {[%clk 0:14:03]}
Nxf4 {[%clk 0:23:39]} 29. Kxf4 {[%clk 0:14:31]} Bc8 {[%clk 0:24:01]} 30. Re3
{[%clk 0:14:40]} Be6 {[%clk 0:24:16]} 31. Rc3 {[%clk 0:14:41]} Rb8 {[%clk
0:23:17]} 32. b4 {[%clk 0:13:07]} Rbc8 {[%clk 0:22:39]} 33. Rc5 {[%clk 0:13:17]}
Kf8 {[%clk 0:22:39]} 34. Rg1 {[%clk 0:08:31]} Ra7 {[%clk 0:21:21]} 35. Re1 {[%clk
0:08:35]} Rcc7 {[%clk 0:20:56]} 36. Re3 {[%clk 0:08:59]} Ke7 {[%clk 0:21:14]} 37.
Rcc3 {[%clk 0:08:59]} Kf8 {[%clk 0:21:18]} 38. Re2 {[%clk 0:08:29]} Ke7 {[%clk
0:21:36]} 39. Rg2 {[%clk 0:08:47]} Ra8 {[%clk 0:21:59]} 40. Rd3 {[%clk 0:39:05]}
Rac8 {[%clk 0:52:04]} 41. Rd1 {[%clk 0:39:28]} Rh8 {[%clk 0:52:18]} 42. c3 {[%clk
0:38:58]} Rd7 {[%clk 0:50:30]} 43. Bb1 {[%clk 0:39:10]} Rdd8 {[%clk 0:50:36]} 44.
Bc2 {[%clk 0:38:47]} Ra8 {[%clk 0:50:48]} 45. Ke3 {[%clk 0:38:14]} Rhg8 {[%clk
0:51:03]} 46. f4 {[%clk 0:38:38]} Rh8 {[%clk 0:51:24]} 47. Bd3 {[%clk 0:39:03]}
Rab8 {[%clk 0:51:40]} 48. Be2 {[%clk 0:39:27]} Rh7 {[%clk 0:51:39]} 49. Bf3
{[%clk 0:39:52]} Rhh8 {[%clk 0:52:00]} 50. Rc1 {[%clk 0:40:01]} Rb7 {[%clk
0:52:18]} 51. Rb1 {[%clk 0:38:51]} Rbb8 {[%clk 0:52:29]} 52. Rgb2 {[%clk
0:36:07]} Rbc8 {[%clk 0:51:55]} 53. Rg2 {[%clk 0:35:04]} Rb8 {[%clk 0:51:51]} 54.
Ra2 {[%clk 0:20:46]} Rbd8 {[%clk 0:51:48]} 55. Rab2 {[%clk 0:19:58]} Rc8 {[%clk
0:52:02]} 56. Rd2 {[%clk 0:19:18]} Rhd8 {[%clk 0:51:53]} 57. Rg1 {[%clk 0:19:03]}
Rh8 {[%clk 0:52:16]} 58. Rb2 {[%clk 0:19:21]} Kd7 {[%clk 0:52:26]} 59. Rd2 {[%clk
0:16:25]} Ke7 {[%clk 0:49:59]} 60. Rc1 {[%clk 0:14:42]} Rhd8 {[%clk 0:49:21]}
1/2-1/2

[Event "Greek Team Championship"]
[Site "chess24.com"]
[Date "2017.07.04"]
[Round "3"]
[White "Fragkou, Eleni"]
[Black "Szczepkowska, Karina"]
[Result "0-1"]
[Board "5"]
[WhiteElo "1974"]
[WhiteCountry "GRE"]
[WhiteFideId "4221150"]
[WhiteEloChange "-2"]
[BlackElo "2414"]
[BlackTitle "IM"]
[BlackCountry "POL"]
[BlackFideId "1122681"]
[BlackEloChange "1"]

1. d4 {[%clk 1:30:50]} Nf6 {[%clk 1:30:47]} 2. Nf3 {[%clk 1:31:05]} e6 {[%clk
1:31:00]} 3. e3 {[%clk 1:29:39]} b6 {[%clk 1:31:20]} 4. Bd3 {[%clk 1:29:47]} Bb7
{[%clk 1:31:45]} 5. Nbd2 {[%clk 1:29:31]} g6 {[%clk 1:31:34]} 6. O-O {[%clk
1:25:39]} Bg7 {[%clk 1:31:58]} 7. a4 {[%clk 1:24:31]} a5 {[%clk 1:31:31]} 8. e4
{[%clk 1:16:29]} d6 {[%clk 1:29:53]} 9. Re1 {[%clk 1:13:53]} O-O {[%clk 1:29:22]}
10. b3 {[%clk 1:09:32]} Nbd7 {[%clk 1:21:32]} 11. Bb2 {[%clk 1:02:40]} Re8 {[%clk
1:19:14]} 12. h3 {[%clk 1:00:34]} Qe7 {[%clk 1:15:05]} 13. Nb1 {[%clk 0:47:07]}
e5 {[%clk 1:12:15]} 14. d5 {[%clk 0:44:31]} Nc5 {[%clk 1:11:41]} 15. Nc3 {[%clk
0:42:00]} Nh5 {[%clk 1:07:14]} 16. Bf1 {[%clk 0:36:08]} Rf8 {[%clk 1:05:18]} 17.
g3 {[%clk 0:29:22]} Bc8 {[%clk 1:03:38]} 18. Bg2 {[%clk 0:24:43]} Nf6 {[%clk
1:01:56]} 19. Nd2 {[%clk 0:21:59]} Ne8 {[%clk 1:01:04]} 20. Ne2 {[%clk 0:08:11]}
f5 {[%clk 0:59:40]} 21. exf5 {[%clk 0:06:01]} gxf5 {[%clk 0:57:49]} 22. f4 {[%clk
0:05:27]} e4 {[%clk 0:56:28]} 23. Bxg7 {[%clk 0:05:38]} Qxg7 {[%clk 0:56:02]} 24.
Nc4 {[%clk 0:05:59]} Nf6 {[%clk 0:53:18]} 25. Qd4 {[%clk 0:05:15]} Na6 {[%clk
0:51:52]} 26. Ne3 {[%clk 0:05:07]} Nb4 {[%clk 0:51:37]} 27. Kf2 {[%clk 0:03:08]}
Qf7 {[%clk 0:50:31]} 28. Rad1 {[%clk 0:02:24]} Qg6 {[%clk 0:49:32]} 29. Rg1
{[%clk 0:02:23]} Kf7 {[%clk 0:48:17]} 30. Ke1 {[%clk 0:00:59]} Nfxd5 {[%clk
0:46:00]} 31. Qc4 {[%clk 0:00:32]} Ba6 {[%clk 0:46:03]} 0-1